| 000 | 01575nam a2200373 c 4500 | ||
|---|---|---|---|
| 003 | BLK | ||
| 005 | 20240611162719.0 | ||
| 008 | 180409b bul|||||r ||||||| ||bul|| | ||
| 010 | _aKNG00140311000 | ||
| 040 | _aBLK | ||
| 041 |
_aBUL _cBUL |
||
| 080 |
_aОбща история на философията _b101(091) _x(38) _z101(091)(38) |
||
| 100 |
_aЯнакиев, Калин Тодоров _d1956- _9254897 |
||
| 139 |
_aЯнакиев, Калин Тодоров _bЯ 51 |
||
| 245 | 1 | 0 |
_aДревногръцката култура - проблеми на философията и митологията _bИзследване _cКалин Тодоров Янакиев. |
| 257 | _aBGR | ||
| 260 |
_аСофия _bУнив. изд. Климент Охридски _c1988 |
||
| 300 |
_a104 с. _c20 см |
||
| 380 | _a1 | ||
| 490 | 1 | _aБиблиотека Дебюти : Първи книги на млади български учени | |
| 490 | 1 |
_3Подсерия _aФилософски науки : Психология |
|
| 500 | _a1 470 тир. | ||
| 650 | 7 |
_aФилософия, антична _2 _9175556 |
|
| 651 | 4 |
_aДревна Гърция _9242869 |
|
| 653 | _aантична философия | ||
| 653 | _aантична култура | ||
| 653 | _aантична митология | ||
| 852 | _aЦб 155898 | ||
| 856 | 4 |
_qpdf _u |
|
| 856 | 4 |
_qpdf _u |
|
| 942 |
_cKNG _n0 |
||
| 944 |
_aCR _c05.03.2013 _lГеновева Генчева _k30560 |
||
| 944 |
_aED _c05.03.2013 _l05.03.2013 - от С1,Р / 05.03.2013 _k |
||
| 999 |
_c134398 _d134398 |
||